| Tag |
First Indicator |
Second Indicator |
Subfields |
| LEADER |
00000cam a22000008a 4500 |
| 001 |
in00000069713 |
| 005 |
20151008054540.0 |
| 008 |
810909s1982 mau b 00100 eng |
| 010 |
|
|
|a 81014904
|
| 020 |
|
|
|a 0865690936 :
|c $19.95
|
| 035 |
|
|
|a (OCoLC)07813500
|
| 035 |
|
|
|9 AAJ0983AM
|
| 039 |
0 |
|
|a 2
|b 3
|c 3
|d 3
|e 3
|
| 040 |
|
|
|a DLC
|c DLC
|d TXA
|d UtOrBLW
|
| 043 |
|
|
|a n-us---
|
| 049 |
|
|
|a TXAM
|c [951735]
|
| 050 |
0 |
0 |
|a RA418
|b .C687
|
| 060 |
|
0 |
|a W 84 AA1 C73
|
| 082 |
0 |
|
|a 362.1
|2 19
|
| 245 |
0 |
0 |
|a Contemporary health services :
|b social science perspectives /
|c editors, Allen W. Johnson, Oscar Grusky, Bertram H. Raven.
|
| 263 |
|
|
|a 8201
|
| 264 |
|
1 |
|a Boston, Mass. :
|b Auburn House,
|c [1982]
|
| 264 |
|
4 |
|c ©1982
|
| 300 |
|
|
|a xv, 264 pages ;
|c 24 cm.
|
| 336 |
|
|
|a text
|b txt
|2 rdacontent
|
| 337 |
|
|
|a unmediated
|b n
|2 rdamedia
|
| 338 |
|
|
|a volume
|b nc
|2 rdacarrier
|
| 504 |
|
|
|a Includes bibliographies and index.
|
| 650 |
|
0 |
|a Social medicine.
|
| 650 |
|
0 |
|a Medical care.
|
| 650 |
|
0 |
|a Social medicine
|z United States.
|
| 650 |
|
0 |
|a Medical care
|z United States.
|
| 650 |
|
0 |
|a Medical care
|x Research.
|
| 650 |
|
2 |
|a Community Health Services
|z United States.
|
| 650 |
|
2 |
|a Delivery of Health Care
|z United States.
|
| 650 |
|
2 |
|a Health Services Research
|z United States.
|
| 650 |
|
2 |
|a Social Sciences
|z United States.
|
| 700 |
1 |
|
|a Johnson, Allen W.
|
| 700 |
1 |
|
|a Grusky, Oscar,
|d 1930-
|
| 700 |
1 |
|
|a Raven, Bertram Herbert,
|d 1926-
|
| 999 |
|
|
|a MARS
|
| 999 |
f |
f |
|s 0e10904a-1f93-3e7c-a136-28299faa47ac
|i 6f6d0160-10bc-3fdb-865d-3a1b82c5abe5
|t 0
|
| 952 |
f |
f |
|p ric
|a Texas A&M University
|b Rellis Campus
|c Joint Library Facility
|d Remote Storage
|t 0
|e RA418 .C687
|h Library of Congress classification
|i unmediated -- volume
|m A14806227479
|
| 998 |
f |
f |
|a RA418 .C687
|t 0
|l Remote Storage
|